000 00917cab a2200361 4500
001 ABS58693
008 090401t1998 xxu||||| |||| 00| 0 eng d
035 _a(Sirsi) u86636
041 _aeng
245 _aRegional survey: East Midlands industrial
260 _c1998
350 _a0
490 _aProperty Week
_v36(6) 22 May 1998, 40-55(6)
650 _aCOAL MINES
650 _aCOLLIERIES
650 _aDERBY
650 _aDERBYSHIRE
650 _aEAST MIDLANDS
650 _aINDUSTRIAL MARKET
650 _aLAND RECLAMATION
650 _aLEICESTER
650 _aLEICESTERSHIRE
650 _aLINCOLN
650 _aLINCOLNSHIRE
650 _aNORTHAMPTON
650 _aNORTHAMPTONSHIRE
650 _aNOTTINGHAM
650 _aNOTTINGHAMSHIRE
650 _aSECONDHAND MARKET
690 _aPROPERTY-COMMERCIAL PROPERTY-COMMERCIAL PROPERTY MARKET
942 _n0
948 _c08/06/1998
999 _c54555
_d54555